000 00318nam a2200133Ia 4500
008 231017s9999 xx 000 0 und d
082 _a388.41312
082 _bVEI
245 0 _aRevision of Guide to Traffic Engineering (AP-T47/06)
245 0 _cAustroads
260 _bAustroads
300 _c30cm
942 _cREP
999 _c604239
_d604239